| 000 | 00457nam a2200169Ia 4500 | ||
|---|---|---|---|
| 003 | LK-CoDNM | ||
| 008 | 010623t xxu||||| |||| 00| 1 sin d | ||
| 040 |
_aLK-CoDNM _dLK-CoDNM _eLK-CoDNM |
||
| 041 | _asin | ||
| 080 | _a294.3 JAY | ||
| 100 | _aJayathilake,Bhadraji Mahinda. | ||
| 245 | _aසසර සයුර ජීවන දහර | ||
| 246 | _aSasara Sayura Geevana Dahara | ||
| 260 | _bSarvodaya Vishva Lekha | ||
| 300 | _b91p., 21 cm | ||
| 942 | _cBK | ||
| 999 |
_c141759 _d141759 |
||